| 000 | 00819nam a2200265 a 4500 | ||
|---|---|---|---|
| 001 | 000018509 | ||
| 005 | 20260120073950.0 | ||
| 008 | 100511s2009 dr 000 0 spa d | ||
| 020 | _a9789945865509 | ||
| 040 |
_aDO-SdBNP _bspa _cBNPHU |
||
| 082 |
_a158.1 _bO77e |
||
| 100 | 1 |
_aOrtiz, José _940041 |
|
| 245 | 1 | 0 |
_aEncuentro extradimensional / _cJosé Ortiz. |
| 260 |
_aSanto Domingo : _bMediabyte, _c2009. |
||
| 300 |
_a98 p. ; _c18 cm. |
||
| 500 | _aIncluye datos biográficos del autor en la contracubierta | ||
| 650 | 0 |
_aAutorrealización (Psicología) _9211 |
|
| 650 | 4 |
_aVida cotidiana _9814 |
|
| 650 | 0 |
_aVida espiritual _9268 |
|
| 650 | 4 |
_aEstilo de vida _921336 |
|
| 650 | 4 |
_aAmor en la literatura _922842 |
|
| 650 | 4 |
_aSueños en la literatura _99958 |
|
| 650 | 0 |
_aVida cristiana _9668 |
|
| 049 | _aBNPD | ||
| 999 |
_c18029 _d18029 |
||